LDR 00560naa#a2200181#i#450# 001 EN\\bibl\112212 005 20260415193315.3 011 ## _a2311-1402 100 ## _a20241225b2024####ek#y0engy0150####ca 101 0# _aRUS 102 ## _aRU 200 1# _aBrusselization of Surgut in the context of the museum and ethnographic zone project _eJournal article 210 1# _aNizhnevartovsk _cNizhnevartovsk State University _d2024 215 ## _a20 с. 608 ## _aJournal article _2local 675 ## _aИстория. 93/94 _zRUS 700 #1 _aBizov _gOleg I. 856 4# _afilvestnik.nvsu.ru _u